| 000 | 00409nam a22001577a 4500 | ||
|---|---|---|---|
| 003 | OSt | ||
| 005 | 20240111142255.0 | ||
| 008 | 211122b xxu||||| |||| 00| 0 eng d | ||
| 020 | _a9788180312724 | ||
| 040 | _cIIMT UNIVERSITY,MEERUT | ||
| 100 | _aSINGH,YOGENDRA PRATAP | ||
| 245 | _aGOSWAMI TULSIDAS KI JIWANGATHA | ||
| 260 |
_aALLAHABAD _bLOK BHARTI PRAKASHAN _c2013 |
||
| 300 | _a200 | ||
| 942 |
_2ddc _c06 |
||
| 999 |
_c51043 _d51043 |
||